| 000 | 00715nam a2200229Ia 4500 | ||
|---|---|---|---|
| 003 | GCL | ||
| 008 | 140319s9999 xx 000 0 ara d | ||
| 040 |
_aGCL / _cGCL |
||
| 082 | 0 | 4 |
_aم _b550.03 _bح م |
| 100 | 1 | _aحسين عبدالمحسن حسين | |
| 245 | 1 | 0 |
_aمعجم الجيولوجيا انجليزى فرنسى عربى / _cحسين عبدالمحسن حسين |
| 260 |
_a[S.N] : _bاكاديميا ، _c1992 |
||
| 300 | _a280 ص | ||
| 490 | _a | ||
| 650 | 0 | 4 | _aاللغة الفرنسية |
| 650 | 0 | 4 | _aاللغة العربية |
| 650 | 0 | 4 | _aالمعاجم |
| 650 | 0 | 4 | _aالجيولوجيا |
| 650 | 0 | 4 | _aاللغة الانجليزية |
| 650 | 0 | 4 | _aالمصطلحات |
| 942 |
_2ddc _cBK |
||
| 999 |
_c33035 _d33035 |
||